000
00264nam a22001217a 4500
020
_a
365253
082
_a
891.4391 SAH
100
_a
SAHIR LUDHYANVI
_9
63017
245
_a
KULYAT-E-SAHIR
260
_a
LAHORE
_b
DUA PUBLISHERS
_c
2009
300
_a
519P
942
_c
BK
999
_c
571966
_d
571966